[Event "Mittelfranken-chTB2b 1011"]
[Site "Germany"]
[Date "2011.05.15"]
[Round "9.2"]
[White "Classen, Anton"]
[Black "Sha, Siyu"]
[Result "1/2-1/2"]
[WhiteElo "1824"]
[BlackElo "1854"]
[PlyCount "65"]
[EventDate "2010.09.26"]
[EventType "team-tourn"]
[EventRounds "9"]
[EventCountry "GER"]
[SourceTitle "EXT 2012"]
[Source "ChessBase"]
[SourceDate "2011.11.24"]
[SourceVersion "1"]
[SourceVersionDate "2011.11.24"]
[SourceQuality "1"]
[WhiteTeam "Buechenbach/Roth II"]
[BlackTeam "Nuernberg NT IV"]
[WhiteTeamCountry "GER"]
[BlackTeamCountry "GER"]

1. e4 c5 2. f4 d5 3. exd5 Qxd5 4. Nc3 Qd8 5. Nf3 a6 6. d4 cxd4 7. Qxd4 Nc6 8. Qxd8+ Kxd8 9. Nd5 e6 10. Nb6 Rb8 11. Be3 Nf6 12. 0-0-0+ Ke8 13. h3 Ne4 14. Bc4 Bc5 15. Bxc5 Nxc5 16. Rhe1 g6 17. Ne5 Nxe5 18. Rxe5 Nd7 19. Nxd7 Bxd7 20. g4 b5 21. Be2 Ke7 22. Bf3 Rhc8 23. Rd4 Bc6 24. Bxc6 Rxc6 25. Re2 Rbc8 26. Red2 Rc4 27. Kd1 R8c6 28. Rd7+ Kf6 29. g5+ Kg7 30. R7d4 h6 31. h4 hxg5 32. hxg5 R6c5 33. c3 1/2-1/2

[Event "Landesliga U20 Nord 1011"]
[Site "Bayern"]
[Date "2011.01.22"]
[Round "5.1"]
[White "Sha, Siyu"]
[Black "Heckel, Christopher"]
[Result "1/2-1/2"]
[WhiteElo "1943"]
[BlackElo "1838"]
[PlyCount "37"]
[EventDate "2010.10.16"]
[EventType "team-tourn"]
[EventRounds "7"]
[EventCountry "GER"]
[SourceTitle "EXT 2022"]
[Source "ChessBase"]
[SourceDate "2021.10.06"]
[SourceVersion "1"]
[SourceVersionDate "2021.10.06"]
[SourceQuality "1"]
[WhiteTeam "Nuernberg Noris Tarrasch U20"]
[BlackTeam "Hoechstadt SC U20"]
[WhiteTeamCountry "GER"]
[BlackTeamCountry "GER"]

1. e4 e6 2. d4 d5 3. e5 c5 4. c3 Nc6 5. Nf3 Bd7 6. a3 cxd4 7. cxd4 Nge7 8. b4 Nc8 9. Be3 Be7 10. Bd3 f6 11. Nh4 0-0 12. exf6 Bxf6 13. Qh5 g6 14. Nxg6 Be8 15. Qg4 hxg6 16. Bxg6 Bxg6 17. Qxg6+ Kh8 18. Qh6+ Kg8 19. Qg6+ 1/2-1/2

[Event "Landesliga U20 Nord 1011"]
[Site "Bayern"]
[Date "2010.12.04"]
[Round "3.1"]
[White "Sha, Siyu"]
[Black "Stoeckl, Josef"]
[Result "1/2-1/2"]
[WhiteElo "1943"]
[BlackElo "1653"]
[PlyCount "88"]
[EventDate "2010.10.16"]
[EventType "team-tourn"]
[EventRounds "7"]
[EventCountry "GER"]
[SourceTitle "EXT 2022"]
[Source "ChessBase"]
[SourceDate "2021.10.06"]
[SourceVersion "1"]
[SourceVersionDate "2021.10.06"]
[SourceQuality "1"]
[WhiteTeam "Nuernberg Noris Tarrasch U20"]
[BlackTeam "Dietfurt U20"]
[WhiteTeamCountry "GER"]
[BlackTeamCountry "GER"]

1. e4 e5 2. Nf3 Nc6 3. Bb5 Bc5 4. 0-0 d6 5. c3 Bb6 6. h3 Nf6 7. Re1 Bd7 8. d4 Ne7 9. Bxd7+ Nxd7 10. a4 a6 11. Qb3 Qc8 12. Bg5 f6 13. Be3 c6 14. Nbd2 Qc7 15. Rad1 0-0-0 16. Nc4 Ba7 17. dxe5 Nc5 18. Nxd6+ Kb8 19. Bxc5 Bxc5 20. Nf7 Rxd1 21. Rxd1 Rf8 22. exf6 gxf6 23. Qe6 Ng6 24. Nd6 Nf4 25. Qf5 Bxd6 26. Nd4 Be5 27. Ne6 Nxe6 28. Qxe6 Rd8 29. Rf1 Qb6 30. Qe7 Rd2 31. Qxh7 Qxb2 32. h4 Qc2 33. h5 Rd1 34. g3 Rxf1+ 35. Kxf1 Bxc3 36. h6 Qd2 37. Qg8+ Ka7 38. h7 Bd4 39. Kg2 Qxf2+ 40. Kh3 Qf1+ 41. Kg4 Qe2+ 42. Kh3 Qh5+ 43. Kg2 f5 44. exf5 Qe2+ 1/2-1/2

[Event "Nuremberg LGA Cup 7th"]
[Site "Nuremberg"]
[Date "2010.09.05"]
[Round "7"]
[White "Walch, Roger"]
[Black "Sha, Siyu"]
[Result "1-0"]
[WhiteElo "1674"]
[BlackElo "1818"]
[PlyCount "65"]
[EventDate "2010.09.02"]
[EventType "swiss"]
[EventRounds "7"]
[EventCountry "GER"]
[SourceTitle "CBM 138 Extra"]
[Source "ChessBase"]
[SourceDate "2010.10.29"]
[SourceVersion "1"]
[SourceVersionDate "2010.10.29"]
[SourceQuality "1"]

1. e4 c5 2. Nf3 e6 3. Nc3 a6 4. a4 d5 5. d4 cxd4 6. Nxd4 e5 7. Nf3 d4 8. Nd5 Nc6 9. Bc4 h6 10. 0-0 Nf6 11. Re1 Be6 12. c3 dxc3 13. bxc3 Bc5 14. Ra2 0-0 15. Rd2 Nd7 16. Ne3 Bxe3 17. Rxe3 Bxc4 18. Rxd7 Qb6 19. Nd2 Be6 20. Rd6 Qc7 21. Ba3 Rfc8 22. Rg3 b5 23. Qh5 Kh8 24. Nf3 b4 25. Rxe6 fxe6 26. Bc1 Qd8 27. Ng5 Ra7 28. Nxe6 Qe8 29. Rg6 Rd7 30. h3 Rd6 31. Bxh6 Rxe6 32. Bxg7+ Kg8 33. Bf6+ 1-0

[Event "Mittelfranken-chTB2b 0910"]
[Site "Mittelfranken"]
[Date "2010.03.14"]
[Round "8.1"]
[White "Naegelein, Andreas"]
[Black "Sha, Siyu"]
[Result "1/2-1/2"]
[WhiteElo "1919"]
[BlackElo "1893"]
[PlyCount "68"]
[EventDate "2009.10.11"]
[EventType "team-tourn"]
[EventRounds "9"]
[EventCountry "GER"]
[SourceTitle "EXT 2011"]
[Source "ChessBase"]
[SourceDate "2010.11.26"]
[SourceVersion "1"]
[SourceVersionDate "2010.11.26"]
[SourceQuality "1"]
[WhiteTeam "Postbauer Heng II"]
[BlackTeam "Nuernberg NT IV"]
[WhiteTeamCountry "GER"]
[BlackTeamCountry "GER"]

1. d4 Nf6 2. Nf3 e6 3. Bg5 Be7 4. e3 0-0 5. Bd3 b6 6. Nbd2 Bb7 7. c3 d5 8. 0-0 Nbd7 9. Ne5 Nxe5 10. dxe5 Nd7 11. Bxe7 Qxe7 12. f4 Rfd8 13. Qh5 g6 14. Qh3 c5 15. Nf3 Rac8 16. Bb5 Nf8 17. Rad1 a6 18. Ba4 b5 19. Bc2 a5 20. Nd2 b4 21. c4 Ba6 22. b3 dxc4 23. Nxc4 Bxc4 24. bxc4 Rxd1 25. Rxd1 Rd8 26. Qf3 Rxd1+ 27. Qxd1 Qd7 28. Qe2 Qc6 29. Qd1 Qd7 30. Qe1 Qc6 31. Kf1 Nd7 32. Qh4 Nb6 33. Qd8+ Kg7 34. Qf6+ Kg8 1/2-1/2

[Event "Nuremberg LGA Cup 6th"]
[Site "Nuremberg"]
[Date "2009.09.05"]
[Round "4"]
[White "Lange, Carsten"]
[Black "Sha, Siyu"]
[Result "1/2-1/2"]
[WhiteElo "2093"]
[BlackElo "1912"]
[PlyCount "48"]
[EventDate "2009.09.03"]
[EventType "swiss"]
[EventRounds "7"]
[EventCountry "GER"]
[SourceTitle "CBM 132 Extra"]
[Source "ChessBase"]
[SourceDate "2009.11.03"]
[SourceVersion "1"]
[SourceVersionDate "2009.11.03"]
[SourceQuality "1"]

1. Nf3 Nf6 2. g3 c5 3. c4 b6 4. Bg2 Bb7 5. 0-0 e6 6. Nc3 Be7 7. d4 cxd4 8. Qxd4 d6 9. b3 a6 10. Ba3 0-0 11. Rfd1 Ne8 12. e4 Qc7 13. Rac1 Nd7 14. Qe3 Nef6 15. h3 Rfd8 16. e5 Ne8 17. Ne4 Nc5 18. exd6 Nxd6 19. Nxc5 bxc5 20. Qxc5 Qb8 21. Qa5 Bf6 22. Bc5 Ne4 23. Bd4 Bxd4 24. Nxd4 Nxg3 1/2-1/2

[Event "Mittelfranken-chTB2a 0809"]
[Site "Mittelfranken"]
[Date "2009.04.26"]
[Round "9.4"]
[White "Sha, Siyu"]
[Black "Wellmann, Franz Georg"]
[Result "1-0"]
[WhiteElo "1759"]
[BlackElo "1876"]
[PlyCount "61"]
[EventDate "2008.10.12"]
[EventType "team"]
[EventRounds "9"]
[EventCountry "GER"]
[SourceTitle "EXT 2011"]
[Source "ChessBase"]
[SourceDate "2010.11.26"]
[SourceVersion "1"]
[SourceVersionDate "2010.11.26"]
[SourceQuality "1"]
[WhiteTeam "Nuernberg NT V"]
[BlackTeam "Herzogenaurach"]
[WhiteTeamCountry "GER"]
[BlackTeamCountry "GER"]

1. e4 Nc6 2. Nf3 e5 3. Bb5 a6 4. Ba4 Nf6 5. 0-0 b5 6. Bb3 Be7 7. Re1 0-0 8. c3 d6 9. h3 Na5 10. Bc2 c5 11. d4 Qc7 12. Nbd2 cxd4 13. cxd4 Bd7 14. Nf1 Rac8 15. Bd3 Nc6 16. dxe5 dxe5 17. Bg5 Rfd8 18. Rc1 Qb8 19. Qe2 Nh5 20. g3 f6 21. Be3 Bxh3 22. Nh4 Bxf1 23. Rxf1 g6 24. Bc2 Nd4 25. Bxd4 exd4 26. Qg4 Ng7 27. Bb3+ Kf8 28. Nxg6+ hxg6 29. Qxg6 Rc4 30. Rxc4 Qe5 31. Rc5 1-0

[Event "Mittelfranken-chTB2a 0809"]
[Site "Mittelfranken"]
[Date "2009.03.22"]
[Round "8.3"]
[White "Kaiser, Hans1111"]
[Black "Sha, Siyu"]
[Result "0-1"]
[WhiteElo "1796"]
[BlackElo "1757"]
[PlyCount "75"]
[EventDate "2008.10.12"]
[EventType "team"]
[EventRounds "9"]
[EventCountry "GER"]
[SourceTitle "EXT 2011"]
[Source "ChessBase"]
[SourceDate "2010.11.26"]
[SourceVersion "1"]
[SourceVersionDate "2010.11.26"]
[SourceQuality "1"]
[WhiteTeam "Bad Windsheim"]
[BlackTeam "Nuernberg NT V"]
[WhiteTeamCountry "GER"]
[BlackTeamCountry "GER"]

1. e4 c5 2. Nf3 e6 3. d4 cxd4 4. Nxd4 Nf6 5. Nc3 d6 6. g4 h6 7. Bg2 a6 8. 0-0 Qc7 9. h3 Be7 10. Be3 Nbd7 11. f4 Nb6 12. a4 Nc4 13. Bc1 Qc5 14. Kh1 Rb8 15. Qd3 e5 16. Nde2 h5 17. g5 Nh7 18. b3 Nb6 19. a5 Nd7 20. Ba3 Qc6 21. h4 Nhf8 22. f5 Nc5 23. Qe3 b5 24. axb6 Rxb6 25. Nd5 Rb7 26. Nxe7 Rxe7 27. Nc3 Bb7 28. Nd5 Rd7 29. Rfd1 Rd8 30. Rd2 Bc8 31. Rad1 Nb7 32. Nb6 Nd7 33. Nc4 Ndc5 34. Kh2 0-0 35. Qe2 g6 36. Ne3 Nxe4 37. Qf3 gxf5 38. Qxh5 0-1

[Event "Nuremberg LGA Cup 5th"]
[Site "Nuremberg"]
[Date "2008.09.05"]
[Round "3"]
[White "Haubold, Martin"]
[Black "Sha, Siyu"]
[Result "1/2-1/2"]
[WhiteElo "2080"]
[BlackElo "1904"]
[PlyCount "122"]
[EventDate "2008.09.04"]
[EventType "swiss"]
[EventRounds "7"]
[EventCountry "GER"]
[SourceTitle "CBM 126 Extra"]
[Source "ChessBase"]
[SourceDate "2008.11.05"]
[SourceVersion "1"]
[SourceVersionDate "2008.11.05"]
[SourceQuality "1"]

1. d4 Nf6 2. Bg5 e6 3. e3 Be7 4. Bd3 d5 5. f4 Nbd7 6. Nf3 c5 7. c3 b6 8. Qe2 Bb7 9. Nbd2 0-0 10. 0-0 Ne4 11. Bxe7 Qxe7 12. Ne5 Rac8 13. Ndf3 f6 14. Nxd7 Qxd7 15. Rad1 Qe7 16. Qc2 Rfd8 17. Nd2 f5 18. Nf3 a6 19. Qe2 cxd4 20. exd4 a5 21. Ne5 Rc7 22. Kh1 Rf8 23. Rf3 Rf6 24. Rh3 Qe8 25. Bb5 Qc8 26. Rf1 Nd6 27. Bd3 Nc4 28. g4 g6 29. g5 Nxe5 30. Qxe5 Rff7 31. Re1 Rce7 32. Rhe3 Qd7 33. Qb8+ Rf8 34. Qe5 Bc6 35. h4 Bb7 36. Kg2 Bc8 37. h5 Qc7 38. hxg6 hxg6 39. Qxc7 Rxc7 40. Rh3 Rh7 41. Rxh7 Kxh7 42. Rh1+ Kg7 43. Kf2 Bd7 44. Ke3 Rh8 45. Rxh8 Kxh8 46. Kd2 Kg7 47. b4 Kf7 48. Kc2 Ke7 49. bxa5 bxa5 50. Kb3 Bc6 51. Ka3 Kd6 52. Ba6 Kc7 53. Kb3 Bd7 54. Be2 Bc6 55. a3 Kb6 56. c4 dxc4+ 57. Bxc4 Bd5 58. Kc3 Kc7 59. Bb5 Kd8 60. Ba4 Ke7 61. Bb5 Kd8 1/2-1/2

[Event "Seebach op 19th"]
[Site "Grossenseebach"]
[Date "2008.05.22"]
[Round "1"]
[White "Redzepovic, Irfan"]
[Black "Sha, Siyu"]
[Result "1/2-1/2"]
[WhiteElo "2077"]
[BlackElo "1914"]
[PlyCount "120"]
[EventDate "2008.05.25"]
[EventType "swiss"]
[EventRounds "7"]
[EventCountry "GER"]
[SourceTitle "EXT 2018"]
[Source "ChessBase"]
[SourceDate "2017.10.13"]
[SourceVersion "1"]
[SourceVersionDate "2017.10.13"]
[SourceQuality "1"]

1. d4 Nf6 2. Nf3 g6 3. c4 Bg7 4. Nc3 0-0 5. e4 d6 6. Be2 Nbd7 7. 0-0 e5 8. dxe5 dxe5 9. Qc2 c6 10. h3 Qe7 11. Be3 Nh5 12. Rfe1 Nf4 13. Bf1 Nb6 14. c5 Nd7 15. b4 a5 16. a3 Ne6 17. Na4 Nd4 18. Bxd4 exd4 19. Rad1 Rd8 20. e5 axb4 21. axb4 Qf8 22. Bc4 b5 23. Bxf7+ Qxf7 24. e6 Qf4 25. exd7 Bxd7 26. Nb6 Ra7 27. Re4 Qf7 28. Nxd4 Bxd4 29. Rexd4 Ra2 30. Qe4 Qxf2+ 31. Kh1 Re8 32. Qf3 Re1+ 33. Rxe1 Qxe1+ 34. Kh2 Qe5+ 35. Qg3 Qxd4 36. Qb3+ Kg7 37. Qxa2 Bf5 38. Qa3 Kh6 39. Qc1+ Kg7 40. Qe1 Qf4+ 41. Kg1 Qg5 42. Qe5+ Kh6 43. Qd6 Qe3+ 44. Kh2 Kg7 45. Qxc6 Qf4+ 46. g3 Qd2+ 47. Qg2 Qxb4 48. Qf2 Qe4 49. Qb2+ Kg8 50. Qxb5 Qc2+ 51. Kg1 Be4 52. Qc4+ Qxc4 53. Nxc4 Kf8 54. Nd6 Ba8 55. Kf2 Ke7 56. Ke3 Ke6 57. Kd4 h5 58. Nc4 g5 59. h4 gxh4 60. gxh4 Kf5 1/2-1/2

[Event "Mittelfrankenliga-B2a 0607"]
[Site "Mittelfranken"]
[Date "2007.03.25"]
[Round "8.7"]
[White "Orban, Martin"]
[Black "Sha, Siyu"]
[Result "1/2-1/2"]
[WhiteElo "1781"]
[BlackElo "1790"]
[PlyCount "88"]
[EventDate "2006.10.22"]
[EventType "team-tourn"]
[EventRounds "9"]
[EventCountry "GER"]
[SourceTitle "EXT 2011"]
[Source "ChessBase"]
[SourceDate "2010.11.26"]
[SourceVersion "1"]
[SourceVersionDate "2010.11.26"]
[SourceQuality "1"]
[WhiteTeam "Erlangen SC II"]
[BlackTeam "Nuernberg NT IV"]
[WhiteTeamCountry "GER"]
[BlackTeamCountry "GER"]

1. e4 c5 2. Nf3 e6 3. d4 cxd4 4. Nxd4 Nf6 5. Nc3 d6 6. Bg5 a6 7. Qd2 Nbd7 8. f3 Qc7 9. g4 b5 10. 0-0-0 Bb7 11. h4 d5 12. Bh3 dxe4 13. Bxf6 Nxf6 14. g5 b4 15. Nxe4 Nxe4 16. fxe4 Bxe4 17. Rhe1 Bd5 18. Bxe6 fxe6 19. Nxe6 Bxe6 20. Rxe6+ Be7 21. Rxe7+ Qxe7 22. Re1 a5 23. Rxe7+ Kxe7 24. Qe2+ Kf7 25. Qh5+ g6 26. Qf3+ Ke7 27. Qf6+ Kd7 28. Qd4+ Ke7 29. a3 bxa3 30. Qe3+ Kd7 31. Qxa3 Ke6 32. Qe3+ Kd7 33. Qd4+ Kc6 34. Qe4+ Kd6 35. c4 a4 36. Kc2 Rhf8 37. Qd5+ Kc7 38. Kc3 Rab8 39. Qa5+ Kd6 40. Qxa4 Rf3+ 41. Kd4 Rbb3 42. Qa6+ Kd7 43. Qa7+ Kc6 44. Qxh7 Rbd3+ 1/2-1/2

[Event "Nuremberg-ch op 06th"]
[Site "Nuremberg"]
[Date "2006.06.03"]
[Round "3.27"]
[White "Werner, Thomas1111"]
[Black "Sha, Siyu"]
[Result "1-0"]
[WhiteElo "1911"]
[BlackElo "1743"]
[PlyCount "91"]
[EventDate "2006.06.02"]
[EventType "swiss"]
[EventRounds "5"]
[EventCountry "GER"]
[SourceTitle "EXT 2007"]
[Source "ChessBase"]
[SourceDate "2006.11.23"]
[SourceVersion "1"]
[SourceVersionDate "2006.11.23"]
[SourceQuality "1"]

1. d4 Nf6 2. c4 g6 3. Nc3 Bg7 4. e4 d6 5. f3 0-0 6. Be3 e5 7. d5 Nbd7 8. Qd2 Ne8 9. 0-0-0 f5 10. Kb1 Nc5 11. Nge2 Nf6 12. exf5 Bxf5+ 13. Ka1 a6 14. Ng3 Bd7 15. Nge4 Nfxe4 16. Nxe4 b6 17. h4 Bf5 18. Nc3 b5 19. Bxc5 dxc5 20. cxb5 axb5 21. Bxb5 Qb8 22. Bc6 Ra6 23. Ne4 Qb3 24. a3 Rxc6 25. dxc6 Be6 26. Kb1 Rb8 27. Qc3 Qa2+ 28. Kc2 Bb3+ 29. Kd3 c4+ 30. Ke2 Bxd1+ 31. Rxd1 Rb3 32. Rd8+ Bf8 33. Qxc4+ Kg7 34. Rd7+ Kh8 35. Nd2 Rxb2 36. Qxa2 Rxa2 37. Rxc7 Rxa3 38. Ne4 Ra2+ 39. Kd3 Ra3+ 40. Kc4 Ra4+ 41. Kd5 Rd4+ 42. Kxe5 Rd8 43. Rd7 Bg7+ 44. Kd5 Ra8 45. c7 Ra5+ 46. Nc5 1-0

[Event "Mittelfrankenliga-B2b 0506"]
[Site "Germany"]
[Date "2006.04.02"]
[Round "8.8"]
[White "Rammig, Claus"]
[Black "Sha, Siyu"]
[Result "1/2-1/2"]
[WhiteElo "1648"]
[BlackElo "1736"]
[PlyCount "106"]
[EventDate "2005.10.16"]
[EventType "team"]
[EventRounds "9"]
[EventCountry "GER"]
[SourceTitle "EXT 2007"]
[Source "ChessBase"]
[SourceDate "2006.11.23"]
[SourceVersion "1"]
[SourceVersionDate "2006.11.23"]
[SourceQuality "1"]

1. c4 Nf6 2. Nc3 g6 3. g3 Bg7 4. Bg2 c5 5. d3 0-0 6. e4 Nc6 7. Nge2 d6 8. h3 a6 9. 0-0 Bd7 10. f4 Rb8 11. g4 b5 12. Ng3 bxc4 13. dxc4 Ne8 14. Qe1 Nb4 15. Qd2 Be6 16. Nd5 Nc7 17. a3 Nc6 18. Rb1 Rb3 19. Ne2 Bd7 20. Qc2 Nd4 21. Nxd4 Bxd4+ 22. Kh2 Rb7 23. Bd2 Nxd5 24. exd5 Qb6 25. Bc3 Bxc3 26. bxc3 Qc7 27. Rxb7 Qxb7 28. Rb1 Qc7 29. Qb2 Bc8 30. Be4 Qd7 31. f5 gxf5 32. gxf5 Kh8 33. Rg1 Rg8 34. Rxg8+ Kxg8 35. Qg2+ Kh8 36. Qg5 Qb7 37. f6 exf6 38. Qxf6+ Kg8 39. Qxd6 Qd7 40. Qg3+ Kh8 41. Qe5+ Kg8 42. Qg3+ Kh8 43. Qh4 f5 44. Qf6+ Kg8 45. Bf3 Qb7 46. Qd6 Qb2+ 47. Kg3 Qxc3 48. Qd8+ Kg7 49. Qxc8 Qe5+ 50. Kg2 Qb2+ 51. Kg1 Qa1+ 52. Kh2 Qb2+ 53. Bg2 Qe5+ 1/2-1/2

[Event "Nuremberg Zabo op 07th"]
[Site "Nuremberg"]
[Date "2005.09.23"]
[Round "1"]
[White "Sha, Siyu"]
[Black "Saathoff, Richard"]
[Result "0-1"]
[WhiteElo "1734"]
[BlackElo "2063"]
[PlyCount "64"]
[EventDate "2005.09.23"]
[EventType "swiss"]
[EventRounds "5"]
[EventCountry "GER"]
[SourceTitle "EXT 2012"]
[Source "ChessBase"]
[SourceDate "2011.11.24"]
[SourceVersion "1"]
[SourceVersionDate "2011.11.24"]
[SourceQuality "1"]

1. e4 e5 2. Nf3 Nc6 3. Bb5 f5 4. d3 fxe4 5. dxe4 Nf6 6. Bxc6 bxc6 7. Nxe5 Qe7 8. Ng4 Qxe4+ 9. Ne3 Ba6 10. Nc3 Bb4 11. Qf3 d5 12. Qxe4+ Nxe4 13. a3 Ba5 14. b4 Nxc3 15. bxa5 d4 16. Nd1 Nb5 17. 0-0 0-0-0 18. Re1 Rhe8 19. Bd2 Rxe1+ 20. Bxe1 Re8 21. Nb2 Nxa3 22. Bd2 Nxc2 23. Rc1 d3 24. g3 Nd4 25. Kg2 Nb3 26. Rd1 Nxd2 27. Rxd2 Re2 28. Rxd3 Bxd3 29. Nxd3 Ra2 30. Nb4 Rxa5 31. Nxc6 Ra2 32. Kf3 a5 0-1

[Event "Nuremberg LGA Cup 2nd"]
[Site "Nuremberg"]
[Date "2005.09.10"]
[Round "4.55"]
[White "Sha, Siyu"]
[Black "Frey, Alisa"]
[Result "0-1"]
[WhiteElo "1663"]
[BlackElo "1611"]
[PlyCount "104"]
[EventDate "2005.09.08"]
[EventType "swiss"]
[EventRounds "7"]
[EventCountry "GER"]
[SourceTitle "EXT 2022"]
[Source "ChessBase"]
[SourceDate "2021.10.06"]
[SourceVersion "1"]
[SourceVersionDate "2021.10.06"]
[SourceQuality "1"]

1. e4 e5 2. Nf3 Nc6 3. Bb5 a6 4. Bxc6 dxc6 5. 0-0 Bd6 6. d3 Bg4 7. Nbd2 Nf6 8. Re1 0-0 9. Nf1 Qd7 10. Ng3 Rfe8 11. h3 Be6 12. Ng5 g6 13. Nxe6 Qxe6 14. h4 Bf8 15. h5 Bg7 16. f4 exf4 17. Bxf4 Ng4 18. e5 gxh5 19. Re4 Qg6 20. Qe2 h4 21. Nf1 Re6 22. Re1 Rae8 23. d4 f5 24. Ne3 fxe4 25. Nxg4 Rf8 26. Bd2 h3 27. Qxe4 hxg2 28. Qxg2 Kh8 29. Be3 Qf5 30. Rf1 Qxf1+ 31. Qxf1 Rxf1+ 32. Kxf1 Rg6 33. Nf2 Bh6 34. Ke2 Kg7 35. Bxh6+ Rxh6 36. Ne4 b6 37. Ng5 Kf8 38. Kd3 Ke7 39. c4 Rh5 40. Ne4 Rh3+ 41. Kd2 h5 42. b3 Rh2+ 43. Ke3 Rxa2 44. Kf4 Rg2 45. Ng3 Rh2 46. Kg5 a5 47. Nxh5 Rb2 48. d5 cxd5 49. cxd5 Rxb3 50. Nf4 Rg3+ 51. Kf5 Rf3 52. Ke4 Rxf4+ 0-1

[Event "Nuremberg-ch op 05th"]
[Site "Nuremberg"]
[Date "2005.05.06"]
[Round "1"]
[White "Sha, Siyu"]
[Black "Donchenko, Anatoly G"]
[Result "0-1"]
[WhiteElo "1663"]
[BlackElo "2389"]
[PlyCount "50"]
[EventDate "2005.05.06"]
[EventType "swiss"]
[EventRounds "5"]
[EventCountry "GER"]
[SourceTitle "EXT 2007"]
[Source "ChessBase"]
[SourceDate "2006.11.23"]
[SourceVersion "1"]
[SourceVersionDate "2006.11.23"]
[SourceQuality "1"]

1. e4 c5 2. Nf3 e6 3. d4 cxd4 4. Nxd4 Nf6 5. Nc3 d6 6. Be3 a6 7. Be2 Qc7 8. f3 b5 9. Qd2 Bb7 10. Bd3 Nbd7 11. g4 b4 12. Nce2 d5 13. g5 Nxe4 14. Bxe4 dxe4 15. f4 Nb6 16. Rf1 Nc4 17. Qc1 Bc5 18. Bf2 0-0 19. h4 Rad8 20. Nb3 e3 21. Bg3 Bb6 22. f5 Qd7 23. Qd1 Qd2+ 24. Nxd2 exd2+ 25. Qxd2 Nxd2 0-1